| 000 | 00000nam 2200000zi 4500 |
| 001 | 9.921948 |
| 003 | CaOODSP |
| 005 | 20230425144902 |
| 006 | m o d f |
| 007 | cr bn||||||||| |
| 008 | 230425t19801980onca ob f000 0 eng d |
| 020 | |a0662109953 |q(print) |
| 040 | |aCaOODSP|beng|erda|cCaOODSP |
| 041 | 0 |aeng|beng|bfre |
| 043 | |an-cn--- |
| 086 | 1 |aEn42-1/3-80-2E-PDF |
| 086 | 1 |aEn42-3/80-2E |
| 100 | 1 |aGagan, Earl W., |eauthor. |
| 245 | 10|aAir pollution emissions and control technology : |basbestos manufacturing industry / |cby Earl W. Gagan. |
| 264 | 1|a[Ottawa] : |bMining, Mineral, and Metallurgical Division, Abatement and Compliance Branch, Air Pollution Control Directorate, |c1980. |
| 264 | 4|c©1980 |
| 300 | |a1 online resource (iv, 25 pages) : |billustrations. |
| 336 | |atext|btxt|2rdacontent |
| 337 | |acomputer|bc|2rdamedia |
| 338 | |aonline resource|bcr|2rdacarrier |
| 490 | 1 |aEnvironmental Protection Service report series |
| 500 | |aIssued also in French under title: Les émissions atmosphériques et les techniques antipollution dans l'industrie de la tranformation de l'amiante. |
| 500 | |a"Report EPS 3-AP-80-2." |
| 500 | |a"August 1980." |
| 500 | |aOn cover: Economic and technical review, report EPS 3-AP-80-2. |
| 500 | |aDigitized edition from print [produced by Environment and Climate Change Canada]. |
| 504 | |aIncludes bibliographical references (page 25). |
| 546 | |aIncludes abstracts in English and French. |
| 650 | 0|aAsbestos industry|xWaste disposal|xEnvironmental aspects|zCanada. |
| 650 | 0|aAir|xPollution|zCanada. |
| 650 | 0|aPollution control equipment|zCanada. |
| 710 | 1 |aCanada. |bEnvironmental Protection Service, |eissuing body. |
| 710 | 1 |aCanada. |bAir Pollution Control Directorate, |eissuing body. |
| 830 | #0|aEnvironmental Protection Service report series.|w(CaOODSP)9.866031 |
| 856 | 40|qPDF|s843 KB|uhttps://publications.gc.ca/collections/collection_2023/eccc/en42/En42-1-3-80-2-eng.pdf |